Get the Picture: Hillary Clinton or Hilary Duff Quiz Stats

 Plays Quiz Updated Mar 20, 2019

Score 0/14 Timer 04:00
4 Plays Today
Question Answer Wrong Answers
You know no one will ever accuse me as having the same policies as George W. Bush. Hillary Clinton
90.1%
Hilary Duff
5.4%
You can't just give a speech and expect people to fall down and agree with you. Hillary Clinton
88.3%
Hilary Duff
7.4%
Women are the largest untapped reservoir of talent in the world. Hillary Clinton
82.5%
Hilary Duff
13%
I think girls feel like they're not cool unless they have a boyfriend or they don't feel comfortable or happy with themselves--that's not true! You gotta be independent! You gotta show the power! Hilary Duff
81.7%
Hillary Clinton
13.2%
Sometimes I just wish I had a day off. I really need to clean my room. Hilary Duff
76.3%
Hillary Clinton
18.9%
If you see someone who walks into the room with sunglasses, aren't you going to look at them and think, 'Who's hiding under there?' So why would you do that? Hilary Duff
70.8%
Hillary Clinton
24.3%
If I want to knock a story off the front page, I just change my hairstyle. Hillary Clinton
64.8%
Hilary Duff
30.6%
My mom always says, 'If you don't believe in something, you'll lose yourself completely.' Hilary Duff
63.3%
Hillary Clinton
31.9%
My first crush was on John Travolta in 'Grease.' Hilary Duff
58.3%
Hillary Clinton
36.9%
Good grief, we're getting offended by everything these days! People can't say anything without offending somebody. Hillary Clinton
55.5%
Hilary Duff
40.5%
I don't keep a journal anymore. I did when I was younger, and I think its good for young girls to try and express what they are feeling on paper; it's cathartic. Hilary Duff
53.2%
Hillary Clinton
42.1%
Going out and playing football or baseball with the boys, when I was a tomboy, was a great way to learn about winning and losing, and most girls didn't have that experience. Hillary Clinton
49.3%
Hilary Duff
46.4%
Every week I read about myself in a magazine, about something that I haven't done or some place that I've never been or don't even know. It's just gossip, rumors, egos, and politics. Hilary Duff
48.4%
Hillary Clinton
47.2%
I'm undaunted in my quest to amuse myself by constantly changing my hair. Hillary Clinton
32.9%
Hilary Duff
63.1%

Today's Daily Dose

Missing Word
Celine Dion

Word Ladder
Dr. Seuss Books

Quick Pick
Cities in India

Get the Picture
'A' Actresses

You're not logged in!

Compare scores with friends on all Sporcle quizzes.
OR
Log In

Sporcle TV

Today on Sporcle TV


Watch our educational content, quiz creation guides, and fun videos on Sporcle TV.

Show Comments

Extras

Top Quizzes Today


Score Distribution

Your Account Isn't Verified!

In order to create a playlist on Sporcle, you need to verify the email address you used during registration. Go to your Sporcle Settings to finish the process.

Report this User

Report this user for behavior that violates our Community Guidelines.

Details: